Statistics for Do you understand it?

Click here to take the quiz!

General Stats

  • This quiz has been taken 16 times
  • The average score is 4 of 5

Answer Stats

QuestionAnswer% Correct
FoxBerry and meat
93%
TigerMeat
93%
RabbitAll of the above
86%
LionMeat
86%
MonkeyAll of the above
29%

Score Distribution

Percentile by Number Answered

Percent of People with Each Score

Your Score History

You have not taken this quiz